Obálka Náhled e-knihy:
Epub
Pro půjčování e-knih musíte být přihlášeni.
Jak si půjčit online?

Sirotčinec slečny Peregrinové. Kniha pátá, Ptačí sněm /

Další pokračování fantasy románu vypráví příběh ohrožené Noor Pradeshové, kterou je třeba dostat do bezpečí, pokud má přežít tzv. "svět podivných".

Uloženo v:
Série:Sirotčinec slečny Peregrinové, část 5
Hlavní autor: Riggs, Ransom, 1979- (Autor)
Další autoři: Grygová, Bronislava, 1959- (Autor)
Médium: E-kniha
Jazyk:Czech
Vydáno: V Brně : Jota, 2020
Vydání:Vydání první
Témata:
Příbuzné jednotky:Z cyklu:: Sirotčinec slečny Peregrinové
Tagy:
Žádné tagy
LEADER 02728nam a2200457 i 4500
001 311241
003 CZ PrSKC
005 20260601215702.0
007 ta
008 201015s2020 xr a g 000 f cze
015 |a cnb003258756 
020 |a 9788075656605  |q (vázáno) 
035 |a (OCoLC)1226360877 
040 |a ABG001  |b cze  |e rda 
041 1 |a cze  |h eng 
072 7 |a 821.111(73)-3  |x Americká próza  |2 Konspekt 
080 |a 821.111(73)-31  |2 MRF 
080 |a (0:82-312.9)  |2 MRF 
100 1 |a Riggs, Ransom,  |d 1979-  |7 xx0154924  |4 aut 
240 1 0 |a Conference of the birds.  |l Česky 
245 1 0 |a Sirotčinec slečny Peregrinové.  |n Kniha pátá,  |p Ptačí sněm /  |c Ransom Riggs ; z anglického originálu Miss Peregrine's peculiar children - The conference of the birds ... přeložila Bronislava Grygová 
246 3 0 |a Ptačí sněm 
250 |a Vydání první 
264 1 |a V Brně :  |b Jota,  |c 2020 
300 |a 343 stran :  |b ilustrace ;  |c 21 cm 
336 |a text  |b txt  |2 rdacontent 
337 |a bez média  |b n  |2 rdamedia 
338 |a svazek  |b nc  |2 rdacarrier 
520 2 |a Další pokračování fantasy románu vypráví příběh ohrožené Noor Pradeshové, kterou je třeba dostat do bezpečí, pokud má přežít tzv. "svět podivných".  |b Když H, spolupracovník Jacobova dědečka Abea Portmana, umíral, pověřil Jacoba úkolem - dopravit nově kontaktovanou členku rodiny podivných Noor Pradeshovou do bezpečí, které jí poskytne tajná agentka V. Svěřil mu i to, že Noor se týká prastaré proroctví o sedmi emancipátorech, kteří zachrání svět podivných před hrozící apokalypsou. Pokud se podaří zachránit Noor Pradeshovou, zachrání tím i svět podivných. O jeho zkázu neusiluje nikdo jiný víc než stvůry. A ačkoliv při zkáze Knihovny duší velká většina z nich zemřela, ti nejhorší z nich přežili. Nakladatelská anotace. Kráceno. 
655 7 |a americké romány  |7 fd131796  |2 czenas 
655 7 |a fantasy romány  |7 fd184199  |2 czenas 
655 9 |a American fiction  |2 eczenas 
655 9 |a fantasy novels  |2 eczenas 
700 1 |a Grygová, Bronislava,  |d 1959-  |7 kup19950000034097  |4 trl 
765 1 |t Miss Peregrine's peculiar chidren 
787 0 8 |i Z cyklu:  |t Sirotčinec slečny Peregrinové  |g 5 
900 |a ABA001  |b 21 
044 |a xr 
910 |a RBIT002 
998 |d 209420  |a https://core.palmknihy.cz/api/books/209420/cover?qhh7iy  |b https://core.palmknihy.cz/api/books/209420/cover/400?qhh7iy  |c https://core.palmknihy.cz/api/books/209420/cover/50?qhh7iy  |e 2030-01-14  |g 344  |i 9788075656605  |j https://core.palmknihy.cz/api/books/209420/preview.epub  |l   |q 49  |r 1  |s https://www.palmknihy.cz/kniha/209420  |t ebook  |y 2020  |z 0  |v Sirotčinec slečny Peregrinové  |w 5 
999 |d 311239